| 000 | 01245cam a2200337 a 4500 | ||
|---|---|---|---|
| 001 | 15067640 | ||
| 003 | PILC | ||
| 005 | 20150527090756.0 | ||
| 008 | 071102s2008 nyu d 000 1 eng | ||
| 010 | _a 2007039987 | ||
| 020 | _a9780439023481 (alk. paper) | ||
| 020 | _a0439023483 (alk. paper) | ||
| 040 |
_aDLC _cDLC _dDLC |
||
| 042 | _alcac | ||
| 050 | 0 | 0 |
_aPZ 7 _b.C6837 2008 |
| 082 | 0 | 0 | _a[Fic] |
| 100 | 1 | _aCollins, Suzanne. | |
| 245 | 1 | 4 |
_aThe Hunger Games / _cSuzanne Collins. |
| 250 | _a1st ed. | ||
| 260 |
_aNew York : _bScholastic Press, _c2008. |
||
| 300 |
_a374 pages : _c22 cm. |
||
| 520 | _aIn a future North America, where the rulers of Panem maintain control through an annual televised survival competition pitting young people from each of the twelve districts against one another, sixteen-year-old Katniss's skills are put to the test when she voluntarily takes her younger sister's place. | ||
| 650 | 1 |
_aSurvival _vFiction. |
|
| 650 | 1 |
_aTelevision programs _vFiction. |
|
| 650 | 1 |
_aInterpersonal relations _vFiction. |
|
| 650 | 1 |
_aContests _vFiction. |
|
| 650 | 1 | _aScience fiction. | |
| 906 |
_a7 _bcbc _corignew _d1 _eecip _f20 _gy-gencatlg |
||
| 942 |
_2lcc _cBK |
||
| 999 |
_c276802 _d276802 |
||